Golda Meir (Record no. 12328)

MARC details
000 -LEADER
fixed length control field 00240nam a22000977a 4500
008 - FIXED-LENGTH DATA ELEMENTS--GENERAL INFORMATION
fixed length control field 230704b |||||||| |||| 00| 0 eng d
020 ## - INTERNATIONAL STANDARD BOOK NUMBER
International Standard Book Number 9781783341757
100 ## - MAIN ENTRY--PERSONAL NAME
Personal name Burkett Elinor
9 (RLIN) 7686
245 ## - TITLE STATEMENT
Title Golda Meir
260 ## - PUBLICATION, DISTRIBUTION, ETC. (IMPRINT)
Place of publication, distribution, etc. London
Name of publisher, distributor, etc. CPI LTD
Date of publication, distribution, etc. 2021
Holdings
Withdrawn status Lost status Source of classification or shelving scheme Damaged status Koha normalized classification for sorting Not for loan Home library Current library Shelving location Date acquired Total Checkouts Full call number Barcode Date last seen Price effective from Koha item type
    Dewey Decimal Classification   BUR_956_000000000000000   Good Samaritan School Library Good Samaritan School Library Biography 07/04/2023   BUR956 BUR17644 07/04/2023 07/04/2023 BOOK

Powered by Koha